000 00299nam a22001337a 4500
008 180104b xxu||||| |||| 00| 0 eng d
020 _a9780071454285
041 _aeng
080 _a615
100 _a5
101 _aSHF
245 _aClinician's Pocket Reference
_cGomella, L.G
942 _2udc
_cBK
999 _c39722
_d39722